Responsible use of artificial intelligence in surveying practice (Record no. 122209)
[ view plain ]
| 000 -LEADER | |
|---|---|
| fixed length control field | 01416nam a22002177a 4500 |
| 005 - DATE AND TIME OF LATEST TRANSACTION | |
| control field | 20250909100307.0 |
| 008 - FIXED-LENGTH DATA ELEMENTS--GENERAL INFORMATION | |
| fixed length control field | 250909e20250909xxk|||||o|||| 00| 0 eng d |
| 041 ## - LANGUAGE CODE | |
| Language code of text/sound track or separate title | eng |
| 110 ## - MAIN ENTRY--CORPORATE NAME | |
| Corporate author | Royal Institution of Chartered Surveyors |
| 245 ## - TITLE STATEMENT | |
| Title | Responsible use of artificial intelligence in surveying practice |
| 260 ## - PUBLICATION INFORMATION | |
| Place of publication | London, |
| Publisher | Royal Institution of Chartered Surveyors, |
| Date | September 2025 |
| 520 ## - ABSTRACT | |
| Abstract | The standard aims to: assist RICS members and regulated firms in establishing guardrails to maintain professional judgement while adapting to the use of this new technology; build confidence in data management; ensure effective communication with clients.<br/>By doing so, the standard seeks to support trust among stakeholders and ensure AI enhances safety, resilience, and innovation in the natural and built environment. Published 9 September 2025, in effect from 9 March 2026 |
| 650 ## - KEYWORDS | |
| Keywords | ARTIFICIAL INTELLIGENCE |
| 650 ## - KEYWORDS | |
| Keywords | PROFESSIONAL CONDUCT |
| 651 ## - SUBJECT ADDED ENTRY--GEOGRAPHIC NAME | |
| Geographic name | International |
| 690 ## - BROAD SUBJECT | |
| Broad subject | Technology |
| 9 (RLIN) | 6348 |
| 710 ## - ADDED CORPORATE NAME | |
| Added corporate author | Royal Institution of Chartered Surveyors |
| 856 ## - ONLINE RESOURCE | |
| Uniform Resource Identifier | <a href="https://www.rics.org/content/dam/ricsglobal/documents/standards/Responsible-use-of-artificial-intelligence-in-surveying-practice_September-2025.pdf">https://www.rics.org/content/dam/ricsglobal/documents/standards/Responsible-use-of-artificial-intelligence-in-surveying-practice_September-2025.pdf</a> |
| Public note | Available on RICS.org |
| 856 ## - ONLINE RESOURCE | |
| Uniform Resource Identifier | <a href="https://www.rics.org/content/dam/ricsglobal/documents/standards/AI-Response-to-Consultation-Final.pdf">https://www.rics.org/content/dam/ricsglobal/documents/standards/AI-Response-to-Consultation-Final.pdf</a> |
| Public note | Basis for conclusions |
| 942 ## - ADDED ENTRY ELEMENTS (KOHA) | |
| Suppress in OPAC | Do not suppress in OPAC |
| Lost status | Damaged status | Not for loan | Current library | Shelving location | Date acquired | Total Checkouts | Full call number | Date last seen | Price effective from | Koha item type |
|---|---|---|---|---|---|---|---|---|---|---|
| Virtual | Online | 09/09/2025 | ONLINE PUBLICATION | 09/09/2025 | 09/09/2025 | Online material |